000 00528nam a2200193Ia 4500
005 20250326141736.0
008 250326s9999 xx 000 0 und d
020 _a1 85091 801 5
037 _aTextbook
040 _aFMSL
_beng
_cFMSL
041 _aeng
_2eng
084 _aX:74.56 M9
_qFMSL
100 _aBennett Roger
245 0 _aManaging activities and resources
_cBennett Roger
260 _aLondon
_bLondon, Kogan Page
_c1989
300 _a235p
942 _cTB
_hX:74.56 M9
999 _c1291757
_d1291757